Metallica - Ride the Lightning Songs - Statistics

General Stats
  • This quiz has been taken 53 times
  • The average score is 7 of 8
Answer Stats
Length Song % Correct
6:37 Ride the Lightning
100%
5:11 For Whom the Bell Tolls
96%
8:55 The Call of Ktulu
91%
4:44 Fight Fire with Fire
89%
4:04 Trapped Under Ice
89%
6:36 Creeping Death
87%
4:24 Escape
87%
6:55 Fade to Black
87%
No matching quizzes found
Score Distribution
Percent of People with Each Score
Percentile by Number Answered
Your Score History
You have not taken this quiz